Returns on higher education of women in India (Record no. 4139)
[ view plain ]
| 000 -LEADER | |
|---|---|
| fixed length control field | 00545nam a2200181Ia 4500 |
| 020 ## - INTERNATIONAL STANDARD BOOK NUMBER | |
| ISBN | 81-7211-165-7 |
| 082 ## - DEWEY DECIMAL CLASSIFICATION NUMBER | |
| Classification number | 371.8220954 BHA-R SL1 |
| 100 ## - MAIN ENTRY--AUTHOR NAME | |
| Personal name | Nair, P.V. Bhaskaran |
| 245 #0 - TITLE STATEMENT | |
| Title | Returns on higher education of women in India |
| 260 ## - PUBLICATION, DISTRIBUTION, ETC. (IMPRINT) | |
| Place of publication | New Delhi |
| Name of publisher | Northern Book Centre |
| Year of publication | 2005 |
| 300 ## - PHYSICAL DESCRIPTION | |
| Number of Pages | xv, 125 |
| 504 ## - BIBLIOGRAPHY, ETC. NOTE | |
| Bibliography, etc | inculdes bibliography, appendix and index |
| 650 ## - SUBJECT ADDED ENTRY--TOPICAL TERM | |
| Topical Term | Women |
| Form subdivision | Education (Higher) |
| 650 ## - SUBJECT ADDED ENTRY--TOPICAL TERM | |
| Topical Term | india - Economic aspects |
| 650 ## - SUBJECT ADDED ENTRY--TOPICAL TERM | |
| Topical Term | Education, Higher |
| Form subdivision | India |
| -- | Finance |
| 650 ## - SUBJECT ADDED ENTRY--TOPICAL TERM | |
| Topical Term | Education of women |
| 942 ## - ADDED ENTRY ELEMENTS (KOHA) | |
| Koha item type | Books |
| Withdrawn status | Lost status | Damaged status | Not for loan | Home library | Current library | Date acquired | Source of acquisition | Bill Date | Full call number | Accession Number | Price effective from | Koha item type |
|---|---|---|---|---|---|---|---|---|---|---|---|---|
| NASSDOC Library | NASSDOC Library | 16/03/2005 | Gifted by : Sales Unit, ICSSR | 2005-03-16 | 371.8220954 BHA-R SL1 | 40571 | 18/04/2019 | Books | ||||
| NASSDOC Library | NASSDOC Library | 16/03/2005 | Gifted by : Sales Unit, ICSSR | 2005-03-16 | 371.8220954 BHA-R SL1 | 40572 | 18/04/2019 | Books |
